000 01647cam a2200349 a 4500
001 15855175
005 20170105102856.0
008 090805s2009 nyu 000 0 eng
010 _a 2009032496
020 _a9780231701372 (alk. paper)
040 _aDLC
_cDLC
_dDLC
043 _ae-gx---
_ae-gw---
050 0 0 _aDD290.29
_b.K86 2009
082 0 0 _a943.087/6
_222
100 1 _aKundnani, Hans.
245 1 0 _aUtopia or Auschwitz? :
_bGermany's 1968 generation and the Holocaust /
_cHans Kundnani.
260 _aNew York :
_bColumbia University Press,
_cc2009.
300 _axiii, 374 p. ;
_c23 cm.
505 0 _aPrologue: war, again -- The shadow of Auschwitz -- Revolutionary optimism -- From protest to resistance -- An abominable irrationalism -- The struggle continues -- Death trip -- A lifeline -- Peace -- New republic -- Power -- A war against the past -- The return of history -- A German way -- Epilogue: a new generation.
610 2 0 _aSozialdemokratische Partei Deutschlands
_xHistory.
610 2 0 _aGrĂ¼nen (Political party)
_xHistory.
650 0 _aPolitical culture
_zGermany (West)
_xHistory.
650 0 _aPolitical culture
_zGermany
_xHistory
_y20th century.
650 0 _aHolocaust, Jewish (1939-1945)
_zGermany
_xInfluence.
651 0 _aGermany
_xPolitics and government
_y1990-
651 0 _aGermany
_xPolitics and government
_y1945-1990.
651 0 _aGermany (West)
_xPolitics and government.
651 0 _aGermany
_xForeign relations
_y1990-
906 _a7
_bcbc
_corignew
_d1
_eecip
_f20
_gy-gencatlg
942 _2ddc
_cBK
999 _c14506
_d14506